A multi-echelon inventory simulator /
Saved in:
| Main Author: | |
|---|---|
| Format: | Thesis Book |
| Language: | English |
| Published: |
1973
|
| Subjects: | |
| Tags: |
Add Tag
No Tags, Be the first to tag this record!
|
| LEADER | 00764cam a2200253 4500 | ||
|---|---|---|---|
| 001 | u32505 | ||
| 003 | SIRSI | ||
| 008 | 840302s1973 si v 0 eng | ||
| 015 | |a X830006443 | ||
| 035 | |a AAD-5037 | ||
| 040 | |a UMM | ||
| 050 | 0 | |a TS160 | |
| 090 | 0 | 0 | |a TS160 |b Yeo |
| 100 | 1 | 0 | |a Yeo, Philip Liat Kok |
| 245 | 1 | 2 | |a A multi-echelon inventory simulator / |c by Philip Yeo Liat Kok |
| 260 | |c 1973 | ||
| 300 | |a 107, [26] leaves : |b ill. ; |c 30cm | ||
| 500 | |a Mimeographed | ||
| 502 | |a Dissertation (M.Sc.) - University of Singapore, 1973 | ||
| 504 | 0 | 0 | |a Bibliography: leaves 105-106 |
| 650 | 0 | |a Inventory control |x Mathematical models | |
| 948 | |a 16/03/1991 |b 10/06/2002 | ||
| 596 | |a 1 | ||
| 999 | |a TS160 YEO |w LC |c 1 |i A002766074 |l STACKS |m P01UTAMA |r Y |s Y |t TESIS |u 20/2/1992 | ||
